Представление документа в формате MARC21

Поле Инд. ПП Название Значение
Тип записи a
Библиографический уровень m
001 Контрольный номер 3d412bbd9b744e7ebe5632237ff23187
005 Дата корректировки 20250328163723.2
008 Кодируемые данные 151106|||||||||ru |||||||||||||||||rus||
041 0_ a Код языка текста rus
084 a Индекс другой классификации/Индекс ББК 94+65.374+65.049(2Рос)
090 a Полочн. индекс 94
x Авторский знак В 92
100 1_ a Автор Выдрина Е. О.
245 10 a Заглавие Влияние водной транспортной инфраструктуры региона на социально-экономическое развитие Западной Арктики
b Продолж. заглавия автореф. дис. ... канд. экон. наук : 08.00.05
260 a Место издания Санкт-Петербург
c Дата издания 2015
300 a Объем 22 с.
b Иллюстрации/ тип воспроизводства ил.
504 a Библиография Библиогр.: с. 21-22
650 04 a Основная рубрика Водный транспорт-Экономика-Западная Арктика-Авторефераты диссертаций
651 _4 a Географическое наименование Арктика
651 _4 a Географическое наименование Западная Арктика
653 0_ a Ключевые слова Авторефераты диссертаций; Арктические внутренние водные пути; Водная транспортная инфраструктура; Водный транспорт; Диссертации; Коммуникации водные; Исследования арктические; Освоение Арктики; Региональная экономика; Социально-экономическое развитие; Экономика водного транспорта
901 t Тип документа r